00908nam a2200205 i 450000100060000000300090000600500170001500700030003200800410003508000220007610000350009824501880013326000760032130000400039770000490043770000470048685200310053399900170056495201210058182528ES-MaACL20251002204012.0t|041110s1952 sp ||||1| spa d a821.411.21-96"09"1 aIbn Hazm, Al ibn Ahmad.96501313aEl collar de la paloma b: tratado sobre el amor y los amantes /cIbn Hazm de Córdoba ; traducido del arabe por Emilio García Gómez ; con un prólogo de José Ortega y Gasset. aMadrid : bSociedad de Estudios y Publicaciones, c1952 (fRivadeneyra) aXXVIII, 349 p., 8 lám. ; c25 cm.1 aGarcía Gómez, Emilio, d1905-19959546901 aOrtega y Gasset, José,d1883-1955987503 aES-MaACLjD-6812 bR.31988 c82528d82528 00104070aATENEOMbATENEOMcSVId2008-01-17eSCl0oD-6812p901086249r2023-02-23 00:00:00w2023-02-23yMONOGRAFIA